[Event "Rome Accademia Primavera op"]
[White "Marelli, Emanuele"]
[Black "Bolla, Vittorio"]
[Site "Rome"]
[Round "3"]
[Result "1/2-1/2"]
[Date "2011.04.02"]
[WhiteElo "1622"]
[BlackElo "1782"]
[PlyCount "89"]
[EventDate "2011.04.01"]
[EventType "swiss"]
[EventRounds "5"]
[EventCountry "ITA"]
[SourceTitle "EXT 2023"]
[Source "ChessBase"]
[SourceDate "2022.10.05"]
[SourceVersion "1"]
[SourceVersionDate "2022.10.05"]
[SourceQuality "1"]

1. d4 Nf6 2. c4 c5 3. d5 e6 4. Nc3 exd5 5. cxd5 d6 6. e4 g6 7. Nf3 Bg7 8. h3 0-0 9. Be3 Re8 10. Bd3 a6 11. a4 c4 12. Bc2 Qc7 13. Nd2 Nbd7 14. Qe2 Ne5 15. f4 Nd3+ 16. Bxd3 cxd3 17. Qxd3 Bd7 18. 0-0 Nh5 19. g4 Bxc3 20. Qxc3 Qxc3 21. bxc3 Ng3 22. Rf3 Nxe4 23. Nxe4 Rxe4 24. a5 Bb5 25. Kf2 Rc8 26. Rc1 Rcc4 27. f5 Ra4 28. fxg6 hxg6 29. Bb6 Ra2+ 30. Kg3 Ree2 31. c4 g5 32. Rfc3 Bd7 33. c5 dxc5 34. Rf1 Rg2+ 35. Kf3 Rh2 36. Ke4 Rae2+ 37. Re3 Rxe3+ 38. Kxe3 Rxh3+ 39. Ke4 c4 40. Rf3 Rh4 41. Rg3 Rxg4+ 42. Rxg4 Bxg4 43. Bd8 f6 44. Bxf6 Kf7 45. Bxg5 1/2-1/2

[Event "Rome Accademia Autumn"]
[White "Marelli, Emanuele"]
[Black "Pica, Livia"]
[Site "Rome"]
[Round "5"]
[Result "1-0"]
[Date "2010.10.10"]
[WhiteElo "1476"]
[BlackElo "1698"]
[PlyCount "29"]
[EventDate "2010.10.08"]
[EventType "swiss"]
[EventRounds "5"]
[EventCountry "ITA"]
[SourceTitle "EXT 2024"]
[Source "ChessBase"]
[SourceDate "2023.10.10"]
[SourceVersion "1"]
[SourceVersionDate "2023.10.10"]
[SourceQuality "1"]

1. e4 e5 2. f4 d6 3. Nf3 Bg4 4. Bc4 Nf6 5. Nc3 Be7 6. fxe5 dxe5 7. Bxf7+ Kf8 8. Bb3 Bc5 9. Qe2 Bb6 10. Qc4 Qe7 11. Nxe5 Bh5 12. d4 Nxe4 13. Nxe4 Qh4+ 14. Ng3 Qf6 15. Rf1 1-0

[Event "Rome La Lupa op"]
[White "Marelli, Emanuele"]
[Black "Cannavo, Giuseppe"]
[Site "Rome"]
[Round "2"]
[Result "1-0"]
[Date "2010.05.11"]
[WhiteElo "1485"]
[BlackElo "1386"]
[PlyCount "45"]
[EventDate "2010.05.09"]
[EventType "swiss"]
[EventRounds "7"]
[EventCountry "ITA"]
[SourceTitle "EXT 2024"]
[Source "ChessBase"]
[SourceDate "2023.10.10"]
[SourceVersion "1"]
[SourceVersionDate "2023.10.10"]
[SourceQuality "1"]

1. g3 d5 2. Bg2 Nf6 3. Nf3 e6 4. 0-0 c6 5. d4 Bd6 6. Nbd2 0-0 7. c4 dxc4 8. Nxc4 Re8 9. Qc2 Be7 10. e4 c5 11. dxc5 Bxc5 12. Nce5 Qc7 13. Be3 Na6 14. Rac1 h6 15. Bxc5 Nxc5 16. Qxc5 Qxc5 17. Rxc5 Nxe4 18. Rc7 Nd6 19. Rd1 f6 20. Rxd6 fxe5 21. Nxe5 Rb8 22. Nd7 Rd8 23. Nf6+ 1-0

[Event "Rome Nobile Memorial 3rd"]
[White "Marelli, Emanuele"]
[Black "Salvagni, Gianfranco"]
[Site "Rome"]
[Round "2"]
[Result "0-1"]
[Date "2010.01.20"]
[WhiteElo "1440"]
[BlackElo "1563"]
[PlyCount "41"]
[EventDate "2010.01.14"]
[EventType "swiss"]
[EventRounds "6"]
[EventCountry "ITA"]
[SourceTitle "EXT 2024"]
[Source "ChessBase"]
[SourceDate "2023.10.10"]
[SourceVersion "1"]
[SourceVersionDate "2023.10.10"]
[SourceQuality "1"]

1. e4 c5 2. Nf3 d6 3. Bc4 e6 4. c3 Nf6 5. e5 dxe5 6. Nxe5 a6 7. a4 Qc7 8. d4 cxd4 9. Qxd4 Bc5 10. Qf4 Bd6 11. Qf3 Bxe5 12. Qd3 Nc6 13. Nd2 0-0 14. Bb3 Ne7 15. Nf3 Bd7 16. Be3 Bc6 17. 0-0-0 Bf4 18. Qc4 Bxe3+ 19. fxe3 b5 20. Rhf1 bxc4 21. Bxc4 0-1

[Event "Rome Nobile Memorial 3rd"]
[White "Vanzan, Alessandro"]
[Black "Marelli, Emanuele"]
[Site "Rome"]
[Round "1"]
[Result "1-0"]
[Date "2010.01.14"]
[WhiteElo "1777"]
[BlackElo "1440"]
[PlyCount "101"]
[EventDate "2010.01.14"]
[EventType "swiss"]
[EventRounds "6"]
[EventCountry "ITA"]
[SourceTitle "EXT 2024"]
[Source "ChessBase"]
[SourceDate "2023.10.10"]
[SourceVersion "1"]
[SourceVersionDate "2023.10.10"]
[SourceQuality "1"]

1. c4 Nf6 2. Nc3 e6 3. a3 b6 4. Nf3 d6 5. g3 Bb7 6. Bg2 Be7 7. 0-0 Nbd7 8. d4 0-0 9. Bf4 a6 10. Qc2 c5 11. Be3 Ng4 12. d5 Nxe3 13. fxe3 Nf6 14. e4 Ng4 15. Qd3 Bf6 16. Bh3 Ne5 17. Nxe5 dxe5 18. Rad1 exd5 19. cxd5 Qd6 20. Rf3 Rad8 21. Rdf1 b5 22. Na2 Qb6 23. Qe3 Be7 24. Nb4 Rd6 25. Nd3 c4 26. Qxb6 Rxb6 27. Nxe5 Bc5+ 28. Kg2 Rf6 29. Rxf6 gxf6 30. Nd7 Bd4 31. Nxf8 Kxf8 32. Rb1 Ke7 33. Kf3 a5 34. e3 Be5 35. Bf5 h6 36. Ke2 Ba6 37. Kd2 Bd6 38. Rg1 Be5 39. Kc2 Bb7 40. h4 Bd6 41. Kd2 b4 42. axb4 axb4 43. g4 b3 44. g5 Bb4+ 45. Kc1 hxg5 46. hxg5 fxg5 47. Rxg5 c3 48. e5 Ba5 49. Rg8 f6 50. Rg7+ Kf8 51. Rxb7 1-0